Loading...
| Science - Chemistry | 0 | 3 | 0 | 2 | 30 | 87 | 112.67 | 0 | 1 |
| History - World | 0 | 2 | 0 | 1 | 20 | 122 | 131.00 | 0 | 0 |
| Science - Earth | 0 | 2 | 0 | 1 | 20 | 130 | 132.50 | 0 | 1 |
| Science - Biology | 0 | 2 | 0 | 1 | 20 | 116 | 122.50 | 0 | 1 |
| History - European | 0 | 2 | 0 | 1 | 20 | 96 | 115.00 | 0 | 1 |
| Literature - World/Misc any | 0 | 1 | 0 | 0 | 10 | 129 | 129.00 | 0 | 0 |
| Other Academic/Cross-Category - Any | 0 | 1 | 0 | 0 | 10 | 143 | 143.00 | 0 | 0 |
| Religion - Hinduism | 0 | 1 | 0 | 1 | 10 | 137 | 137.00 | 0 | 0 |
| Social Science - Sociology | 0 | 1 | 0 | 1 | 10 | 130 | 130.00 | 0 | 0 |
| Literature - American any | 0 | 1 | 0 | 0 | 10 | 86 | 86.00 | 0 | 0 |
| Literature - American long fiction | 0 | 1 | 0 | 1 | 10 | 147 | 147.00 | 0 | 0 |
| Literature - British poetry | 0 | 1 | 0 | 1 | 10 | 139 | 139.00 | 0 | 0 |
| Literature - European drama | 0 | 1 | 0 | 0 | 10 | 100 | 100.00 | 0 | 0 |
| Science - Physics | 0 | 1 | 0 | 0 | 10 | 117 | 117.00 | 0 | 0 |
| Social Science - Anthropology | 0 | 1 | 0 | 1 | 10 | 130 | 130.00 | 0 | 0 |
| Current Events/Modern World - Mixed/Any | 0 | 1 | 0 | 0 | 10 | 101 | 101.00 | 0 | 1 |
| Literature - American drama | 0 | 1 | 1 | 1 | 5 | 155 | 155.00 | 0 | 0 |
| History - Other | 0 | 0 | 1 | 0 | -5 | 0.00 | 0 | 0 | |
| History - American | 0 | 0 | 1 | 0 | -5 | 0.00 | 0 | 0 |